[Event "DVM U10 2024"]
[Site "Düsseldorf GER"]
[Date "2024.12.28"]
[Round "5"]
[White "Nordmann, Vigo"]
[Black "Raskob, Levi Franziskus"]
[Result "0-1"]
[Termination "normal"]
[Board "20.4"]
[WhiteElo "831"]
[BlackElo "840"]
[WhiteClock "00:31:47"]
[BlackClock "00:52:58"]
[WhiteTeam "USV Halle"]
[BlackTeam "SF 1958 Bitburg"]
[PlyCount "112"]
[BlackFideId "533019070"]
[EventCountry "GER"]
[EventRounds "7"]
[EventType "team-swiss"]
[EventDate "2024.12.26"]

1. e4 {[%clk 00:55:04]} e5 {[%clk 00:55:08]} {[%emt 00:00:08]} 2. Nf3 {[%clk
00:55:03]} {[%emt 00:00:06]} Bb4 {[%clk 00:55:00]} {[%emt 00:00:11]} 3. Bc4
{[%clk 00:54:39]} {[%emt 00:00:26]} Bc5 {[%clk 00:55:03]} {[%emt 00:00:06]} 4.
O-O {[%clk 00:54:30]} {[%emt 00:00:10]} Qf6 {[%clk 00:55:02]} {[%emt 00:00:10]}
5. d3 {[%emt 00:00:16]} d6 {[%emt 00:00:08]} 6. Qe2 {[%clk 00:53:48]} {[%emt
00:00:15]} Qg6 {[%clk 00:55:04]} {[%emt 00:00:10]} 7. Nh4 {[%clk 00:53:05]}
{[%emt 00:00:41]} Qf6 {[%clk 00:55:02]} {[%emt 00:00:15]} 8. g3 {[%emt
00:00:45]} h5 {[%clk 00:54:36]} {[%emt 00:02:25]} 9. Qf3 {[%clk 00:51:18]} Qe7
{[%clk 00:54:14]} {[%emt 00:01:16]} 10. Nc3 {[%emt 00:00:46]} Bg4 {[%emt
00:00:13]} 11. Nd5 {[%emt 00:00:19]} Qd7 {[%emt 00:00:15]} 12. Qg2 {[%clk
00:48:38]} {[%emt 00:01:03]} Bh3 {[%clk 00:54:15]} {[%emt 00:00:14]} 13. Nxc7+
{[%emt 00:00:14]} Kf8 {[%emt 00:00:13]} 14. Ng6+ {[%emt 00:00:14]} fxg6 {[%emt
00:00:11]} 15. Qf3+ {[%emt 00:01:01]} Nf6 {[%clk 00:53:40]} {[%emt 00:00:20]}
16. Ne6+ {[%clk 00:46:14]} {[%emt 00:00:59]} Ke8 {[%clk 00:53:28]} {[%emt
00:00:26]} 17. Ng5 {[%clk 00:45:11]} {[%emt 00:00:49]} h4 {[%clk 00:53:27]}
{[%emt 00:00:26]} 18. Be6 {[%clk 00:44:50]} {[%emt 00:00:19]} Bxe6 {[%clk
00:53:24]} {[%emt 00:00:13]} 19. Nxe6 {[%emt 00:00:16]} Qxe6 {[%emt 00:00:08]}
20. Bg5 {[%emt 00:01:17]} Qh3 {[%emt 00:00:27]} 21. Bxf6 {[%emt 00:00:18]} hxg3
{[%emt 00:00:12]} 22. Qxg3 {[%clk 00:41:54]} {[%emt 00:00:18]} Qxg3+ {[%clk
00:53:22]} {[%emt 00:00:14]} 23. hxg3 {[%emt 00:00:05]} gxf6 {[%emt 00:00:13]}
24. Kg2 {[%emt 00:00:38]} Nc6 {[%emt 00:00:13]} 25. f3 {[%emt 00:00:18]} f5
{[%emt 00:00:14]} 26. exf5 {[%emt 00:00:11]} gxf5 {[%emt 00:00:04]} 27. Rh1
{[%clk 00:39:27]} {[%emt 00:00:21]} Ke7 {[%clk 00:53:12]} {[%emt 00:00:30]} 28.
f4 {[%emt 00:00:33]} exf4 {[%emt 00:00:20]} 29. gxf4 {[%emt 00:00:05]} Rag8+
{[%emt 00:00:22]} 30. Kf3 {[%emt 00:00:07]} Nd4+ {[%emt 00:00:06]} 31. Ke3
{[%emt 00:00:10]} Nxc2+ {[%emt 00:00:08]} 32. Kd2 {[%clk 00:37:12]} {[%emt
00:00:23]} Nxa1 {[%clk 00:53:04]} {[%emt 00:00:18]} 33. Rxa1 {[%emt 00:00:06]}
Rh2+ {[%emt 00:00:13]} 34. Kc3 {[%emt 00:00:05]} Rg4 {[%emt 00:00:11]} 35. Re1+
{[%emt 00:00:12]} Kd7 {[%emt 00:00:09]} 36. Rf1 {[%emt 00:00:14]} Rhh4 {[%emt
00:00:25]} 37. b4 {[%emt 00:00:28]} Rxf4 {[%emt 00:00:11]} 38. Rg1 {[%clk
00:34:54]} {[%emt 00:00:06]} Bxb4+ {[%clk 00:52:59]} {[%emt 00:00:13]} 39. Kb3
{[%emt 00:00:11]} Rh3 {[%emt 00:00:27]} 40. Rg7+ {[%emt 00:00:12]} Kc6 {[%emt
00:00:06]} 41. Ka4 {[%emt 00:00:12]} Bc3+ {[%emt 00:00:07]} 42. Kb3 {[%emt
00:00:41]} Bxg7 {[%emt 00:00:06]} 43. Kc2 {[%emt 00:00:16]} Rf2+ {[%emt
00:00:04]} 44. Kb3 {[%emt 00:00:15]} Rxd3+ {[%emt 00:00:05]} 45. Kc4 {[%clk
00:31:47]} {[%emt 00:00:17]} Re3 {[%clk 00:52:58]} {[%emt 00:00:20]} 46. Kb4
{[%emt 00:00:10]} Rb2+ {[%emt 00:00:08]} 47. Ka4 {[%emt 00:00:11]} Rxa2+ {[%emt
00:00:07]} 48. Kb4 {[%emt 00:00:20]} Re4+ {[%emt 00:00:08]} 49. Kb3 {[%emt
00:00:13]} Rae2 {[%emt 00:00:09]} 50. Ka3 {[%emt 00:00:08]} Rd4 {[%emt
00:00:15]} 51. Kb3 {[%emt 00:00:10]} Rd3+ {[%emt 00:00:04]} 52. Kb4 {[%emt
00:00:32]} Re5 {[%emt 00:00:10]} 53. Ka4 {[%emt 00:00:10]} Rd4+ {[%emt
00:00:04]} 54. Ka3 {[%emt 00:00:09]} Re3+ {[%emt 00:00:02]} 55. Ka2 {[%emt
00:00:19]} Rd2+ {[%emt 00:00:06]} 56. Ka1 {[%emt 00:00:10]} Re1# {[%emt
00:01:24]} 0-1

[Event "DVM U10 2024"]
[Site "Düsseldorf GER"]
[Date "2024.12.28"]
[Round "6"]
[White "Bienbeck, Matthis"]
[Black "Ni, Wilhelm Zeyin"]
[Result "1-0"]
[Termination "normal"]
[Board "5.1"]
[WhiteElo "1490"]
[BlackElo "1612"]
[WhiteClock "00:20:09"]
[BlackClock "00:23:33"]
[WhiteTeam "SG Porz"]
[BlackTeam "Düsseldorfer SV 1854"]
[PlyCount "87"]
[BlackFideId "34675337"]
[EventCountry "GER"]
[EventRounds "7"]
[EventType "team-swiss"]
[EventDate "2024.12.26"]

1. e4 {[%clk 00:55:09]} Nc6 {[%clk 00:55:03]} {[%emt 00:00:07]} 2. d4 {[%clk
00:55:05]} {[%emt 00:00:09]} d5 {[%clk 00:54:46]} {[%emt 00:00:22]} 3. e5
{[%clk 00:54:59]} {[%emt 00:00:11]} Bf5 {[%clk 00:53:37]} {[%emt 00:01:14]} 4.
Nf3 {[%clk 00:54:38]} {[%emt 00:00:26]} e6 {[%clk 00:53:24]} {[%emt 00:00:18]}
5. Bd3 {[%clk 00:53:16]} {[%emt 00:01:26]} Bxd3 {[%clk 00:53:05]} {[%emt
00:00:25]} 6. Qxd3 {[%clk 00:53:11]} {[%emt 00:00:11]} Nge7 {[%clk 00:51:29]}
{[%emt 00:01:40]} 7. c3 {[%clk 00:52:45]} {[%emt 00:00:31]} g6 {[%clk
00:51:09]} {[%emt 00:00:25]} 8. Nbd2 {[%clk 00:51:13]} {[%emt 00:01:37]} Bg7
{[%clk 00:50:55]} {[%emt 00:00:18]} 9. Nf1 {[%clk 00:50:28]} {[%emt 00:00:52]}
O-O {[%emt 00:00:32]} 10. Ne3 {[%clk 00:49:47]} {[%emt 00:00:40]} f6 {[%clk
00:47:59]} {[%emt 00:02:39]} 11. exf6 {[%emt 00:00:59]} Bxf6 {[%clk 00:47:51]}
12. Ng4 {[%clk 00:49:01]} {[%emt 00:00:09]} Bg7 {[%clk 00:47:50]} {[%emt
00:00:06]} 13. Bg5 {[%clk 00:47:45]} {[%emt 00:01:22]} Qd6 {[%clk 00:47:03]}
{[%emt 00:00:53]} 14. O-O-O {[%clk 00:46:13]} {[%emt 00:01:37]} Nf5 {[%clk
00:45:47]} {[%emt 00:01:21]} 15. Qd2 {[%clk 00:45:19]} {[%emt 00:00:58]} a5
{[%clk 00:45:17]} {[%emt 00:00:35]} 16. Bf4 {[%clk 00:44:48]} {[%emt 00:00:36]}
Qe7 {[%clk 00:45:02]} {[%emt 00:00:21]} 17. Rhe1 {[%clk 00:44:09]} {[%emt
00:00:44]} b5 {[%clk 00:41:37]} {[%emt 00:03:30]} 18. Kc2 {[%clk 00:37:38]}
{[%emt 00:06:36]} b4 {[%clk 00:39:55]} {[%emt 00:01:47]} 19. Bh6 {[%clk
00:37:03]} {[%emt 00:00:40]} Rfb8 {[%clk 00:39:02]} {[%emt 00:00:57]} 20. Bxg7
{[%clk 00:35:31]} {[%emt 00:01:38]} Kxg7 {[%clk 00:38:58]} 21. Ng5 {[%clk
00:34:10]} {[%emt 00:01:34]} Nd8 {[%clk 00:37:46]} 22. Qf4 {[%clk 00:33:17]}
{[%emt 00:02:16]} bxc3 {[%clk 00:37:04]} 23. Qe5+ {[%clk 00:33:04]} {[%emt
00:01:04]} Kg8 {[%clk 00:36:38]} {[%emt 00:00:32]} 24. Nf6+ {[%clk 00:32:48]}
{[%emt 00:00:22]} Kh8 {[%clk 00:35:22]} {[%emt 00:01:21]} 25. Nxd5+ {[%clk
00:31:40]} {[%emt 00:01:13]} Qg7 {[%clk 00:35:15]} {[%emt 00:00:12]} 26. Qxg7+
{[%clk 00:30:43]} {[%emt 00:01:02]} Kxg7 {[%clk 00:35:13]} 27. Nxc3 {[%clk
00:30:40]} {[%emt 00:00:15]} Ra6 {[%clk 00:34:35]} 28. Nf3 {[%clk 00:27:46]}
{[%emt 00:03:41]} Rb4 {[%clk 00:33:33]} 29. a3 {[%clk 00:26:59]} {[%emt
00:02:00]} Rbb6 {[%clk 00:32:53]} 30. d5 {[%clk 00:25:48]} {[%emt 00:02:01]}
exd5 {[%clk 00:29:45]} 31. Rxd5 {[%clk 00:25:41]} {[%emt 00:03:25]} Nf7 {[%clk
00:29:32]} 32. Rd7 {[%clk 00:25:12]} {[%emt 00:00:52]} Rc6 {[%clk 00:28:21]}
33. Ne5 {[%clk 00:24:43]} {[%emt 00:01:51]} Rf6 {[%clk 00:28:06]} 34. Nxf7
{[%clk 00:22:50]} {[%emt 00:02:17]} Rxf7 {[%clk 00:28:04]} 35. Red1 {[%clk
00:21:47]} {[%emt 00:01:16]} Rd6 {[%clk 00:27:08]} 36. Rxf7+ {[%clk 00:21:34]}
{[%emt 00:01:19]} Kxf7 {[%clk 00:26:41]} 37. Rxd6 {[%clk 00:21:27]} {[%emt
00:00:44]} Nxd6 {[%emt 00:00:13]} 38. Kd3 {[%clk 00:21:19]} {[%emt 00:00:09]}
c6 {[%clk 00:25:39]} {[%emt 00:01:03]} 39. Ne4 {[%clk 00:20:52]} {[%emt
00:00:32]} Nxe4 {[%clk 00:24:55]} {[%emt 00:00:49]} 40. Kxe4 {[%clk 00:20:46]}
{[%emt 00:00:11]} Ke6 {[%clk 00:24:57]} {[%emt 00:00:03]} 41. b4 {[%clk
00:20:44]} {[%emt 00:00:07]} a4 {[%clk 00:24:52]} {[%emt 00:00:11]} 42. Kd4
{[%clk 00:20:29]} {[%emt 00:00:20]} Kd6 {[%clk 00:24:26]} 43. f4 {[%clk
00:20:09]} {[%emt 00:00:55]} h6 {[%clk 00:23:33]} 44. g4 {[%clk 00:20:09]} 1-0

[Event "DVM U10 2024"]
[Site "Düsseldorf GER"]
[Date "2024.12.28"]
[Round "6"]
[White "Wittenberger, Henri"]
[Black "Weßels, Keke"]
[Result "0-1"]
[Termination "normal"]
[Board "6.1"]
[WhiteElo "1421"]
[BlackElo "1568"]
[WhiteClock "00:10:32"]
[BlackClock "00:00:23"]
[WhiteTeam "MSA Zugzwang 82"]
[BlackTeam "SC Aurich"]
[PlyCount "125"]
[WhiteFideId "34691510"]
[BlackFideId "34640045"]
[EventCountry "GER"]
[EventRounds "7"]
[EventType "team-swiss"]
[EventDate "2024.12.26"]

1. e4 {[%clk 00:55:05]} {[%emt 00:00:05]} c5 {[%clk 00:54:58]} {[%emt
00:00:11]} 2. c4 {[%clk 00:55:00]} {[%emt 00:00:11]} e6 {[%clk 00:54:27]}
{[%emt 00:00:35]} 3. Nc3 {[%clk 00:54:42]} {[%emt 00:00:24]} Nc6 {[%clk
00:53:46]} {[%emt 00:00:44]} 4. Nge2 {[%clk 00:53:58]} {[%emt 00:00:50]} g6
{[%clk 00:53:10]} {[%emt 00:00:40]} 5. g3 {[%clk 00:53:43]} {[%emt 00:00:22]}
Bg7 {[%clk 00:52:20]} {[%emt 00:00:54]} 6. Bg2 {[%clk 00:53:05]} {[%emt
00:00:44]} a6 {[%clk 00:50:43]} {[%emt 00:01:42]} 7. d3 {[%clk 00:52:08]}
{[%emt 00:01:02]} Nge7 {[%clk 00:49:40]} {[%emt 00:01:07]} 8. O-O {[%clk
00:50:46]} {[%emt 00:01:28]} O-O {[%clk 00:48:53]} {[%emt 00:00:50]} 9. h3
{[%clk 00:49:47]} {[%emt 00:01:06]} Qc7 {[%clk 00:44:14]} {[%emt 00:04:41]} 10.
Kh2 {[%clk 00:46:04]} {[%emt 00:03:51]} Rb8 {[%clk 00:37:06]} {[%emt 00:07:11]}
11. f4 {[%clk 00:44:02]} {[%emt 00:02:08]} Nd4 {[%clk 00:34:24]} {[%emt
00:02:46]} 12. Kh1 {[%clk 00:40:21]} {[%emt 00:03:48]} Nec6 {[%clk 00:31:48]}
{[%emt 00:02:38]} 13. g4 {[%clk 00:38:24]} {[%emt 00:02:06]} Re8 {[%clk
00:26:45]} {[%emt 00:05:01]} 14. f5 {[%clk 00:32:50]} {[%emt 00:05:45]} exf5
{[%clk 00:22:47]} {[%emt 00:04:03]} 15. gxf5 {[%clk 00:32:35]} {[%emt
00:00:21]} gxf5 {[%clk 00:21:35]} {[%emt 00:01:17]} 16. exf5 {[%clk 00:32:32]}
{[%emt 00:00:08]} Be5 {[%clk 00:15:27]} {[%emt 00:06:07]} 17. Nxd4 {[%clk
00:31:12]} {[%emt 00:01:30]} Bxd4 {[%clk 00:14:37]} {[%emt 00:00:55]} 18. Qg4+
{[%clk 00:30:35]} {[%emt 00:00:39]} Kh8 {[%clk 00:13:49]} {[%emt 00:00:56]} 19.
Nd5 {[%clk 00:26:01]} {[%emt 00:04:37]} Qd8 {[%clk 00:09:01]} {[%emt 00:04:40]}
20. Bg5 {[%clk 00:24:40]} {[%emt 00:01:35]} f6 {[%clk 00:07:14]} {[%emt
00:01:58]} 21. Bxf6+ {[%clk 00:24:37]} {[%emt 00:00:10]} Bxf6 {[%clk 00:07:08]}
{[%emt 00:00:10]} 22. Nxf6 Qxf6 {[%clk 00:06:56]} 23. Bd5 {[%clk 00:23:35]}
{[%emt 00:00:21]} d6 {[%clk 00:05:52]} {[%emt 00:01:09]} 24. Rf2 {[%clk
00:21:58]} {[%emt 00:01:42]} Bd7 {[%clk 00:04:57]} {[%emt 00:00:58]} 25. Qh5
{[%clk 00:21:02]} {[%emt 00:00:58]} Nd4 {[%clk 00:04:37]} {[%emt 00:00:29]} 26.
Rg1 {[%clk 00:20:34]} {[%emt 00:00:34]} Bc6 {[%clk 00:04:06]} {[%emt 00:00:34]}
27. Rg6 {[%clk 00:19:20]} {[%emt 00:01:20]} Bxd5+ {[%clk 00:03:48]} {[%emt
00:00:23]} 28. cxd5 {[%clk 00:19:02]} {[%emt 00:00:23]} Re1+ {[%clk 00:03:36]}
{[%emt 00:00:17]} 29. Kg2 {[%clk 00:18:50]} {[%emt 00:00:19]} Rg8 {[%clk
00:03:00]} {[%emt 00:00:40]} 30. Rxg8+ {[%clk 00:18:13]} {[%emt 00:00:42]} Kxg8
{[%clk 00:03:01]} {[%emt 00:00:04]} 31. Qg4+ {[%clk 00:17:41]} {[%emt
00:00:37]} Qg7 {[%clk 00:02:51]} {[%emt 00:00:15]} 32. Qxg7+ {[%clk 00:17:25]}
{[%emt 00:00:22]} Kxg7 {[%clk 00:02:47]} {[%emt 00:00:09]} 33. f6+ {[%clk
00:17:17]} {[%emt 00:00:13]} Kf7 {[%clk 00:02:45]} {[%emt 00:00:06]} 34. Kg3
{[%clk 00:16:56]} {[%emt 00:00:25]} Re3+ {[%clk 00:02:35]} {[%emt 00:00:12]}
35. Kg4 {[%clk 00:16:55]} {[%emt 00:00:11]} Rxd3 {[%clk 00:02:29]} {[%emt
00:00:11]} 36. h4 {[%clk 00:16:37]} {[%emt 00:00:24]} Re3 {[%clk 00:02:18]}
{[%emt 00:00:11]} 37. Kh5 {[%clk 00:16:24]} {[%emt 00:00:23]} Re5+ {[%clk
00:02:07]} {[%emt 00:00:13]} 38. Kh6 {[%clk 00:16:21]} {[%emt 00:00:10]} Rf5
{[%clk 00:01:37]} {[%emt 00:00:30]} 39. Rg2 {[%clk 00:16:18]} {[%emt 00:00:15]}
Kxf6 {[%clk 00:01:17]} {[%emt 00:00:24]} 40. Kxh7 {[%clk 00:16:11]} {[%emt
00:00:12]} Rh5+ {[%clk 00:01:14]} {[%emt 00:00:08]} 41. Kg8 {[%clk 00:16:08]}
{[%emt 00:00:09]} Rxh4 {[%clk 00:01:00]} {[%emt 00:00:18]} 42. Rg7 {[%clk
00:16:03]} {[%emt 00:00:11]} b5 {[%clk 00:00:30]} {[%emt 00:00:36]} 43. Ra7
{[%clk 00:15:46]} {[%emt 00:00:19]} Rg4+ {[%clk 00:00:32]} {[%emt 00:00:04]}
44. Kf8 {[%clk 00:15:31]} {[%emt 00:00:17]} Rh4 {[%clk 00:00:30]} {[%emt
00:00:07]} 45. Kg8 {[%clk 00:15:18]} {[%emt 00:00:21]} Rh5 {[%clk 00:00:33]}
{[%emt 00:00:02]} 46. Rxa6 {[%clk 00:15:08]} {[%emt 00:00:15]} Rxd5 {[%emt
00:00:07]} 47. Kf8 {[%clk 00:14:48]} {[%emt 00:00:20]} Rh5 {[%clk 00:00:39]}
{[%emt 00:00:02]} 48. Ke8 {[%clk 00:14:40]} {[%emt 00:00:11]} Rh8+ {[%clk
00:00:30]} {[%emt 00:00:15]} 49. Kd7 {[%clk 00:14:22]} {[%emt 00:00:21]} Nf5
{[%clk 00:00:26]} {[%emt 00:00:09]} 50. Kc7 {[%clk 00:14:12]} {[%emt 00:00:18]}
Ke5 {[%clk 00:00:21]} {[%emt 00:00:26]} 51. Kc6 {[%clk 00:13:29]} {[%emt
00:00:47]} Nd4+ {[%clk 00:00:23]} {[%emt 00:00:04]} 52. Kd7 {[%clk 00:13:19]}
{[%emt 00:00:14]} Rh7+ {[%clk 00:00:22]} {[%emt 00:00:03]} 53. Kc8 {[%clk
00:13:13]} {[%emt 00:00:15]} d5 {[%clk 00:00:22]} {[%emt 00:00:04]} 54. Ra3
{[%clk 00:12:53]} {[%emt 00:00:25]} b4 {[%clk 00:00:19]} {[%emt 00:00:09]} 55.
Re3+ {[%clk 00:12:40]} {[%emt 00:00:16]} Kf4 {[%clk 00:00:22]} {[%emt
00:00:04]} 56. Re8 {[%clk 00:12:25]} {[%emt 00:00:20]} Nf5 {[%clk 00:00:17]}
{[%emt 00:00:09]} 57. Rd8 {[%clk 00:12:06]} {[%emt 00:00:23]} d4 {[%clk
00:00:15]} {[%emt 00:00:08]} 58. a3 {[%clk 00:12:02]} {[%emt 00:00:08]} bxa3
{[%clk 00:00:15]} {[%emt 00:00:08]} 59. bxa3 {[%clk 00:11:53]} {[%emt
00:00:14]} Ra7 {[%clk 00:00:17]} {[%emt 00:00:01]} 60. Re8 {[%clk 00:11:09]}
{[%emt 00:00:49]} Nd6+ {[%clk 00:00:20]} {[%emt 00:00:03]} 61. Kd8 {[%clk
00:11:12]} {[%emt 00:00:02]} Ra8+ {[%clk 00:00:23]} {[%emt 00:00:02]} 62. Kd7
{[%clk 00:10:58]} {[%emt 00:00:19]} Nxe8 {[%emt 00:00:04]} 63. Kc6 {[%clk
00:10:32]} {[%emt 00:00:27]} 0-1

[Event "DVM U10 2024"]
[Site "Düsseldorf GER"]
[Date "2024.12.28"]
[Round "6"]
[White "Jiang, Luca"]
[Black "Sandal, Ilyas"]
[Result "1-0"]
[Termination "normal"]
[Board "8.2"]
[WhiteElo "1190"]
[BlackElo "943"]
[WhiteClock "00:24:21"]
[BlackClock "00:38:31"]
[WhiteTeam "SC Stetten a.d.F."]
[BlackTeam "Schachzentrum Bemerode"]
[PlyCount "139"]
[BlackFideId "34697632"]
[EventCountry "GER"]
[EventRounds "7"]
[EventType "team-swiss"]
[EventDate "2024.12.26"]

1. e4 {[%clk 00:55:08]} e5 {[%clk 00:55:06]} {[%emt 00:00:05]} 2. Nf3 {[%clk
00:54:58]} {[%emt 00:00:13]} Nc6 {[%clk 00:55:09]} {[%emt 00:00:04]} 3. Bc4
{[%clk 00:54:55]} {[%emt 00:00:09]} Bc5 {[%clk 00:55:13]} {[%emt 00:00:01]} 4.
c3 {[%clk 00:54:53]} {[%emt 00:00:06]} d6 {[%clk 00:55:03]} {[%emt 00:00:15]}
5. d3 {[%clk 00:54:47]} {[%emt 00:00:10]} Bg4 {[%clk 00:55:00]} {[%emt
00:00:08]} 6. h3 {[%clk 00:54:33]} {[%emt 00:00:19]} Bh5 {[%clk 00:55:00]}
{[%emt 00:00:06]} 7. Be3 {[%clk 00:54:04]} {[%emt 00:00:34]} Bb6 {[%clk
00:54:58]} {[%emt 00:00:08]} 8. Nbd2 {[%clk 00:53:59]} {[%emt 00:00:08]} h6
{[%clk 00:54:44]} {[%emt 00:00:21]} 9. O-O {[%clk 00:53:36]} {[%emt 00:00:27]}
Nf6 {[%clk 00:54:38]} {[%emt 00:00:11]} 10. d4 {[%clk 00:53:19]} {[%emt
00:00:22]} exd4 {[%clk 00:54:35]} {[%emt 00:00:08]} 11. cxd4 {[%clk 00:52:48]}
{[%emt 00:00:36]} Bxd4 {[%clk 00:54:18]} {[%emt 00:00:22]} 12. Bxd4 {[%clk
00:52:35]} {[%emt 00:00:19]} Nxd4 {[%clk 00:54:14]} {[%emt 00:00:08]} 13. Qa4+
{[%clk 00:52:13]} {[%emt 00:00:27]} c6 {[%clk 00:53:30]} {[%emt 00:00:49]} 14.
Bxf7+ {[%clk 00:51:40]} {[%emt 00:00:38]} Bxf7 {[%clk 00:53:06]} {[%emt
00:00:29]} 15. Qxd4 {[%clk 00:51:34]} {[%emt 00:00:10]} O-O {[%clk 00:52:36]}
{[%emt 00:00:36]} 16. Rfe1 {[%clk 00:48:59]} {[%emt 00:02:39]} Re8 {[%clk
00:51:31]} {[%emt 00:01:11]} 17. Nc4 {[%clk 00:48:22]} {[%emt 00:00:41]} Bxc4
{[%clk 00:50:56]} {[%emt 00:00:41]} 18. Qxc4+ {[%clk 00:48:11]} {[%emt
00:00:16]} d5 {[%clk 00:50:57]} {[%emt 00:00:04]} 19. exd5 {[%clk 00:47:49]}
{[%emt 00:00:27]} Qxd5 {[%clk 00:50:28]} {[%emt 00:00:33]} 20. Qb4 {[%clk
00:44:56]} {[%emt 00:02:59]} c5 {[%clk 00:49:51]} {[%emt 00:00:42]} 21. Qc3
{[%clk 00:43:59]} {[%emt 00:01:01]} Ne4 {[%clk 00:49:23]} {[%emt 00:00:34]} 22.
Qc2 {[%clk 00:43:06]} {[%emt 00:00:58]} c4 {[%clk 00:48:13]} {[%emt 00:01:15]}
23. Rad1 {[%clk 00:42:39]} {[%emt 00:00:31]} Qc6 {[%clk 00:47:49]} {[%emt
00:00:30]} 24. Re3 {[%clk 00:40:58]} {[%emt 00:01:46]} Nf6 {[%clk 00:47:12]}
{[%emt 00:00:42]} 25. Ne5 {[%clk 00:40:05]} {[%emt 00:00:58]} Qc5 {[%clk
00:46:32]} {[%emt 00:00:46]} 26. Qxc4+ {[%clk 00:39:39]} {[%emt 00:00:31]} Qxc4
{[%clk 00:46:18]} {[%emt 00:00:18]} 27. Nxc4 {[%clk 00:39:31]} {[%emt
00:00:13]} Rxe3 {[%clk 00:46:11]} {[%emt 00:00:12]} 28. Nxe3 {[%clk 00:39:24]}
{[%emt 00:00:12]} Rc8 {[%clk 00:45:39]} {[%emt 00:00:36]} 29. Kh2 {[%clk
00:37:34]} {[%emt 00:01:55]} Rc5 {[%clk 00:45:22]} {[%emt 00:00:23]} 30. f3
{[%clk 00:35:58]} {[%emt 00:01:40]} Kh7 {[%clk 00:45:13]} {[%emt 00:00:15]} 31.
Kg3 {[%clk 00:35:28]} {[%emt 00:00:34]} Kg6 {[%clk 00:44:55]} {[%emt 00:00:24]}
32. f4 {[%clk 00:34:45]} {[%emt 00:00:49]} h5 {[%clk 00:44:14]} {[%emt
00:00:45]} 33. Kf3 {[%clk 00:34:09]} {[%emt 00:00:41]} Kh6 {[%clk 00:43:59]}
{[%emt 00:00:20]} 34. g4 {[%clk 00:33:37]} {[%emt 00:00:36]} hxg4+ {[%clk
00:43:37]} {[%emt 00:00:28]} 35. hxg4 {[%clk 00:33:28]} {[%emt 00:00:14]} g5
{[%clk 00:43:36]} {[%emt 00:00:06]} 36. Rh1+ {[%clk 00:33:06]} {[%emt
00:00:26]} Kg6 {[%clk 00:43:27]} {[%emt 00:00:15]} 37. f5+ {[%clk 00:32:42]}
{[%emt 00:00:28]} Kg7 {[%clk 00:43:17]} {[%emt 00:00:16]} 38. Rh2 {[%clk
00:31:55]} {[%emt 00:00:51]} b6 {[%clk 00:42:57]} {[%emt 00:00:26]} 39. Rc2
{[%clk 00:31:51]} {[%emt 00:00:08]} Rxc2 {[%clk 00:42:58]} {[%emt 00:00:05]}
40. Nxc2 {[%clk 00:31:50]} {[%emt 00:00:06]} Kf7 {[%clk 00:42:56]} {[%emt
00:00:07]} 41. Ne3 {[%clk 00:30:58]} {[%emt 00:00:56]} a6 {[%clk 00:42:48]}
{[%emt 00:00:15]} 42. Ke2 {[%clk 00:30:37]} {[%emt 00:00:26]} Ke7 {[%clk
00:42:43]} {[%emt 00:00:10]} 43. Kd3 {[%clk 00:30:26]} {[%emt 00:00:14]} Kd6
{[%clk 00:42:44]} {[%emt 00:00:05]} 44. Kd4 {[%clk 00:30:06]} {[%emt 00:00:25]}
a5 {[%clk 00:42:23]} {[%emt 00:00:26]} 45. a4 {[%clk 00:29:27]} {[%emt
00:00:44]} Kd7 {[%clk 00:41:45]} {[%emt 00:00:43]} 46. Ke5 {[%clk 00:29:07]}
{[%emt 00:00:25]} Ke7 {[%clk 00:41:31]} {[%emt 00:00:19]} 47. Nd5+ {[%clk
00:28:40]} {[%emt 00:00:31]} Nxd5 {[%clk 00:40:23]} {[%emt 00:01:14]} 48. Kxd5
{[%clk 00:28:34]} {[%emt 00:00:11]} Kf6 {[%clk 00:40:04]} {[%emt 00:00:25]} 49.
Kc6 {[%clk 00:28:26]} {[%emt 00:00:12]} Ke5 {[%clk 00:39:58]} {[%emt 00:00:10]}
50. Kxb6 {[%clk 00:28:16]} {[%emt 00:00:15]} Kf4 {[%clk 00:39:53]} {[%emt
00:00:11]} 51. f6 {[%clk 00:28:13]} {[%emt 00:00:08]} Kxg4 {[%clk 00:39:54]}
{[%emt 00:00:04]} 52. f7 {[%clk 00:28:11]} {[%emt 00:00:06]} Kh3 {[%clk
00:39:55]} {[%emt 00:00:05]} 53. f8=Q {[%emt 00:00:11]} g4 {[%emt 00:00:03]}
54. Kxa5 {[%clk 00:27:34]} {[%emt 00:00:28]} g3 {[%clk 00:39:48]} {[%emt
00:00:12]} 55. Qg7 {[%clk 00:27:27]} {[%emt 00:00:09]} g2 {[%clk 00:39:49]}
{[%emt 00:00:07]} 56. Qxg2+ {[%clk 00:27:25]} {[%emt 00:00:07]} Kxg2 {[%clk
00:39:49]} {[%emt 00:00:05]} 57. b4 {[%clk 00:27:22]} {[%emt 00:00:08]} Kf2
{[%clk 00:39:49]} {[%emt 00:00:04]} 58. b5 {[%clk 00:27:21]} {[%emt 00:00:06]}
Ke2 {[%clk 00:39:50]} {[%emt 00:00:05]} 59. b6 {[%clk 00:27:21]} {[%emt
00:00:05]} Kd3 {[%clk 00:39:47]} {[%emt 00:00:19]} 60. b7 Kd4 {[%emt 00:01:13]}
61. b8=Q {[%clk 00:26:42]} Ke5 {[%clk 00:39:45]} {[%emt 00:00:17]} 62. Kb4+
{[%clk 00:26:38]} Kd5 {[%emt 00:00:18]} 63. a5 {[%clk 00:25:53]} {[%emt
00:00:11]} Kc6 {[%clk 00:39:41]} {[%emt 00:02:06]} 64. a6 {[%clk 00:25:42]}
{[%emt 00:00:15]} Kd5 {[%clk 00:39:42]} {[%emt 00:00:05]} 65. Qf4 {[%clk
00:25:37]} {[%emt 00:00:09]} Ke6 {[%clk 00:38:58]} {[%emt 00:00:50]} 66. a7
{[%clk 00:25:33]} {[%emt 00:00:08]} Kd7 {[%clk 00:38:55]} {[%emt 00:00:09]} 67.
a8=Q {[%clk 00:24:53]} {[%emt 00:00:45]} Ke6 {[%clk 00:38:47]} {[%emt
00:00:13]} 68. Kc5 {[%clk 00:24:32]} {[%emt 00:00:25]} Ke7 {[%clk 00:38:37]}
{[%emt 00:00:15]} 69. Kd5 {[%clk 00:24:21]} {[%emt 00:00:16]} Kd7 {[%clk
00:38:31]} {[%emt 00:00:13]} 70. Qf7# {[%emt 00:00:05]} 1-0